Sampling theory and methods
Gorde:
| Egile nagusia: | |
|---|---|
| Formatua: | Liburua |
| Hizkuntza: | ingelesa |
| Argitaratua: |
Boca Ratón
CRC
2001
|
| Gaiak: | |
| Etiketak: |
Etiketa erantsi
Etiketarik gabe, Izan zaitez lehena erregistro honi etiketa jartzen!
|
MARC
| LEADER | 00000nam a2200000 a 4500 | ||
|---|---|---|---|
| 001 | UCM7949 | ||
| 003 | CL-VaPUC | ||
| 008 | 030117e20010000US |||||||||||||||||eng|d | ||
| 082 | 0 | 4 | |a 519.52 |b SAM |2 21 |
| 100 | 0 | |a Sampath, S |e author |9 473752 | |
| 245 | 1 | 0 | |a Sampling theory and methods |
| 300 | |a 184 p | ||
| 942 | |c BK | ||
| 945 | |d 20030117 00:00:00 |a vberengu | ||
| 260 | |a Boca Ratón |b CRC |c 2001 | ||
| 650 | 7 | |a TEORIA DEL MUESTREO |2 CL-VaPUC |9 473753 | |
| 650 | 0 | |a Estadística matemática |9 260028 | |
| 650 | 7 | |a MUESTREO ESTADISTICA |2 CL-VaPUC |9 260839 | |
| 583 | |a last modification |c 20030117 00:00:00 |k Rodrigo Vera | ||
| 999 | |c 302575 |d 302573 | ||
| 952 | |0 0 |1 0 |2 ddc |4 0 |6 519_520000000000000_SAM_2001 |7 0 |8 A |9 363244 |a BIBGIM |b BIBGIM |d 2019-11-21 |i 3867927 |l 1 |o 519.52 SAM 2001 |p 3867927 |q 2020-07-31 |r 2020-03-19 |s 2020-03-19 |w 2019-11-21 |y BK |k EST | ||